Septuple Fast Typing A to Z - 30 Second Sprint - Statistics

General Stats
  • This quiz has been taken 2,044 times
  • The average score is 88 of 182
Answer Stats
letter % Correct
a
100%
b
98%
c
97%
d
96%
e
95%
f
95%
g
94%
h
93%
i
93%
j
92%
k
92%
l
92%
m
92%
n
91%
o
91%
p
91%
q
91%
r
91%
s
91%
t
91%
u
91%
v
90%
w
90%
x
90%
y
89%
z
89%
A
88%
B
88%
C
88%
D
87%
E
87%
F
87%
G
87%
H
87%
I
87%
J
86%
K
85%
L
85%
M
85%
N
85%
O
85%
P
85%
Q
84%
R
83%
S
83%
T
83%
U
83%
V
82%
W
82%
X
81%
Y
80%
Z
80%
A
79%
B
79%
C
78%
D
76%
E
76%
F
75%
G
75%
H
74%
I
72%
J
72%
K
71%
L
70%
M
69%
N
69%
O
69%
P
68%
Q
66%
R
65%
S
64%
T
64%
U
63%
V
62%
W
62%
X
61%
Y
60%
Z
60%
A
58%
B
56%
C
56%
D
54%
E
53%
F
53%
G
52%
H
51%
I
50%
J
49%
K
48%
L
48%
M
47%
N
46%
O
46%
P
45%
Q
43%
R
42%
S
41%
T
41%
U
40%
V
39%
W
37%
X
36%
Y
35%
Z
35%
A
33%
B
32%
C
31%
D
30%
E
30%
F
29%
G
28%
H
28%
I
27%
J
27%
K
26%
L
26%
M
26%
N
25%
O
25%
P
24%
Q
23%
R
23%
S
23%
T
22%
U
22%
V
21%
W
21%
X
20%
Y
20%
Z
20%
A
18%
B
18%
C
17%
D
17%
E
17%
F
17%
G
17%
H
17%
I
16%
J
16%
K
16%
L
16%
M
15%
N
15%
O
15%
P
14%
Q
14%
R
13%
S
13%
T
13%
U
12%
V
12%
W
12%
X
12%
A
11%
B
11%
Y
11%
Z
11%
C
10%
D
10%
E
9%
F
9%
G
9%
H
9%
I
8%
J
8%
K
7%
L
7%
M
7%
N
7%
O
6%
P
6%
Q
6%
R
6%
S
6%
T
5%
U
5%
V
5%
W
5%
X
5%
Z
5%
Y
4%
No matching quizzes found
Score Distribution
Percent of People with Each Score
Percentile by Number Answered
Your Score History
You have not taken this quiz